Methoden empirischer Sozialforschung /

Uloženo v:
Podrobná bibliografie
Hlavní autor: Friedrichs, Jürgen (autor)
Médium: Kniha
Jazyk:German
Vydáno: Hamburgo, Alemania : Westdeutscher, 1981, c1980
Vydání:9a edición
Edice:(Studium Westdeutscher ; 28)
Témata:
Tagy: Přidat tag
Žádné tagy, Buďte první, kdo vytvoří štítek k tomuto záznamu!

MARC

LEADER 00000nam^a2200000^a^4500
001 000391154
005 20250521000000.0
009 20260310121207.673
020 |a 3-531-22028-4 
037 |a Acervo ITESO - Biblioteca 
041 |a ALE 
082 |a 300. 1  |b FRI 
100 |a Friedrichs, Jürgen  |e (autor) 
245 1 0 |a Methoden empirischer Sozialforschung /  |c J. Friedrichs. 
250 |a 9a edición 
264 4 |a Hamburgo, Alemania :  |b Westdeutscher,  |c 1981, c1980 
300 |a 429 p. 
336 |a texto  |b txt  |2 rdacontenido 
337 |a sin mediación  |b n  |2 rdamedio 
338 |a volumen  |b nc  |2 rdasoporte 
440 1 |a (Studium Westdeutscher ;  |v 28) 
561 |a Ex libris manuscrito de Lourdes Sierra 
649 |a XX 
650 |a Observación Participante 
650 |a Entrevista 
650 |a Encuesta 
650 |a Grupos de Discusión 
650 |a Sociometría 
650 |a Sociología -  |x Investigación -  |x Tema Principal 
650 |a Sociología -  |x Metodología -  |x Tema Principal 
650 |a Ciencias Sociales -  |x Investigación 
650 |a Ciencias Sociales -  |x Metodología 
910 |a Fondo General 
920 |a Impresos - Libros 
930 |a Colección General 
905 |a 101 
901 |a 0500286223  |b IT1  |c ACC  |i D77635  |u 20250521 
902 |a https://opac.biblio.iteso.mx/vufind/Record/000391154